00561nam a2200145 a 450000100100000000500170001000800410002704000250006811000820009324500730017526000660024830000200031449000600033470000210039400003195720200930063318.0110707s1996 dr a 000 0 spa d aDO-SdBNPbspacBNPHU2 aOrganización Panamericana para la SaludbOrganización Mundial de la Salud13aEl análisis y la interpretación de los datos /cNelly C. Piña. cLa Paz, Bolivia :bOrganización Mundial de la Salud,c1996. a11 p. ;c28 cm.1 aIntroducción a la metodología de la investigación1 aPiña, Nelly C.